00450nam a2200157Ia 450000500170000000800410001708200130005810000170007124500210008826000430010930000110015265000130016394200060017695200950018299900150027720240604021456.0240331s9999 xx 000 0 und d bGIRa362 aRidder,G. ed 0aGirls fight back aNew DelhibJagori Women's Centrec2003 a47 p., aFeminism cL 001040708LaWERCLbWERCLcSSCd2024-03-31l0o 362 GIRp1931r2024-03-31w2024-03-31yL c2912d2912